000 00622nam a2200241 a 4500
001 nice12345678
003 IN_TiNIC
005 20260116012213.0
008 050524s0000 lona grp 000 0 per
020 _a
_c100
082 0 0 _a225.59155
_bBFS
100 _aBritish & Foreign, Bible Society
245 _aNew Testament in Persian.
260 _aLondon
_bBritish and Foreign Bible Society
_c0000
300 _a916p
500 _aincludes index and biblioraphy
505 2 _aIndex
650 _aBible-Persian
700 1 _aBritish & Foreign, Bible Society
902 _bSRS
942 _cBK
999 _c6063
_d6063